banner koha

Caracteristicas de carcaca e desempenho em confinamento de novilhos Caracu comparados com novilhos Nelore (Registro n. 158929)

MARC details
000 -LÍDER
campo de controle de tamanho fixo 01009nas a2200349 4500
001 - NÚMERO DE CONTROLE
campo de controle BR9801532
003 - IDENTIFICADOR DO NÚMERO DE CONTROLE
campo de controle BR-BrBNA
005 - DATA E HORÁRIO DA ÚLTIMA TRANSAÇÃO
campo de controle 20231205100937.0
007 - CAMPO FIXO DE DESCRIÇÃO FÍSICA--INFORMAÇÃO GERAL
campo de controle de tamanho fixo ta
008 - CAMPO DE DADOS FIXOS--INFORMAÇÃO GERAL
campo de controle de tamanho fixo 230509b bl.|||p| |||| 00| 00por d
040 ## - FONTE DA CATALOGAÇÃO
Instituição da catalogação original BR-BrBNA
Idioma da catalogação por
Instituição que transcreveu o registro Biblioteca Nacional de Agricultura
041 ## - CÓDIGO DE IDIOMA
Código do idioma do texto/trilha sonora ou título diferente (Pt)
072 ## - CÓDIGO DE CATEGORIA DE ASSUNTO
Código de Categoria de Assunto L02
100 1# - ENTRADA PRINCIPAL--NOME PESSOAL
Nome pessoal Alleoni, G.F.
100 1# - ENTRADA PRINCIPAL--NOME PESSOAL
Nome pessoal L. Filho, A.
100 1# - ENTRADA PRINCIPAL--NOME PESSOAL
Nome pessoal Boin, C.
100 1# - ENTRADA PRINCIPAL--NOME PESSOAL
Nome pessoal Leme, P.R.
100 1# - ENTRADA PRINCIPAL--NOME PESSOAL
Nome pessoal Coutinho Filho, J.L.V.
100 1# - ENTRADA PRINCIPAL--NOME PESSOAL
Nome pessoal Candido, J.G.
100 1# - ENTRADA PRINCIPAL--NOME PESSOAL
Nome pessoal Trovo, J.B.F.
100 1# - ENTRADA PRINCIPAL--NOME PESSOAL
Nome pessoal Figueiredo, L.A.
245 1# - TÍTULO
Título Caracteristicas de carcaca e desempenho em confinamento de novilhos Caracu comparados com novilhos Nelore
650 ## - ASSUNTO--TERMO TÓPICO
Cabeçalho tópico ou nome geográfico Novilho
650 ## - ASSUNTO--TERMO TÓPICO
Cabeçalho tópico ou nome geográfico Carcaca
650 ## - ASSUNTO--TERMO TÓPICO
Cabeçalho tópico ou nome geográfico Gado Caracu
650 ## - ASSUNTO--TERMO TÓPICO
Cabeçalho tópico ou nome geográfico Gado Nelore
650 ## - ASSUNTO--TERMO TÓPICO
Cabeçalho tópico ou nome geográfico Selecao Genotipa
650 ## - ASSUNTO--TERMO TÓPICO
Cabeçalho tópico ou nome geográfico Confinamento
773 0# - ENTRADA ANALÍTICA
Título ARS Veterinaria (Brazil)
ISSN - International Standard Serial Number ISSN 0102-6380
Partes relacionadas (Aug 1997), v. 13(2) p. 141-149
Número de controle do registro BR9801532
909 ## -
-- 202311
-- Lúcia
-- 55
-- Lúcia Elande
942 ## - ELEMENTOS DE ENTRADA ADICIONADOS (KOHA)
Fonte da classificação ou esquema de arquivamento na estante Classificação AGRIS
Ocultar no OPAC Não
Tipo de material Koha Analítica
Exemplares
Situação do descarte Fonte da classificação ou esquema de arquivamento na estante Situação física Não pode ser emprestado Biblioteca de origem Biblioteca atual Localização na estante Enumeração do periódico / cronologia Total de empréstimos Data de último acesso Número do exemplar Tipo de material Koha Fonte de aquisição
  Classificação AGRIS   Consulta local Biblioteca Nacional de Agricultura - Binagri Biblioteca Nacional de Agricultura - Binagri   (Aug 1997), v. 13(2) p. 141-149   29/11/2023 01 Periódicos Portaria Interministerial nº 164/94

BINAGRI

Telefone: (61)3218-2567/2388/3357/2097 - binagri@agro.gov.br

Ministério da Agricultura e Pecuária , Esplanada dos Ministérios, Bloco D, Anexo B, Brasília/DF, CEP: 70.043-900